Elecciones y democracia en América Latina 1992-1996:/ urnas y desencanto político
Gorde:
| Egile nagusia: | |
|---|---|
| Egile korporatiboa: | , |
| Beste egile batzuk: | |
| Formatua: | Texto |
| Hizkuntza: | Spanish |
| Argitaratua: |
San José:
IIDH. CAPEL
1998
|
| Gaiak: | |
| Sarrera elektronikoa: | https://www.iidh.ed.cr/IIDH/media/1963/elecciones-y-democracia-en-am%C3%A9rica-latina-urnas-y-desencanto1998.pdf |
| Etiketak: |
Etiketa erantsi
Etiketarik gabe, Izan zaitez lehena erregistro honi etiketa jartzen!
|
MARC
| LEADER | 00000 a a2200000 04500 | ||
|---|---|---|---|
| 001 | 27291 | ||
| 003 | cru CIDCACS/ IIS | ||
| 005 | 20231115155634.0 | ||
| 008 | 220524b |||||||| |||| 00| 0 spa d | ||
| 040 | |c cru CIDCACS/ IIS |a cru CIDCACS/ IIS | ||
| 090 | |a 04.04.02 I59 e | ||
| 100 | |a Rial; Juan | ||
| 110 | |a Instituto Interamericano de Derechos Humanos. Centro de Asesoría y Promoción Electoral | ||
| 245 | |a Elecciones y democracia en América Latina 1992-1996:/ |b urnas y desencanto político |c Instituto Interamericano de Derechos Humanos. Centro de Asesoría y Promoción Electoral, Juan Rial y Daniel Zovatto, editores | ||
| 260 | |a San José: |b IIDH. CAPEL |c 1998 | ||
| 300 | |a XLIX, 826 páginas | ||
| 650 | |a HISTORIA POLITICA | ||
| 650 | |a CONFLICTOS POLITICOS | ||
| 650 | |a SISTEMAS ELECTORALES | ||
| 650 | |a PARTIDOS POLITICOS | ||
| 650 | |a MARCO INSTITUCIONAL | ||
| 650 | |a GOLPES DE ESTADO | ||
| 650 | |a PAZ | ||
| 650 | |a ELECCIONES | ||
| 650 | |a PARTIDOS POLITICOS | ||
| 700 | 1 | |a Zovatto Garetto, Daniel |9 7869 | |
| 710 | |a CAPEL | ||
| 856 | |u https://www.iidh.ed.cr/IIDH/media/1963/elecciones-y-democracia-en-am%C3%A9rica-latina-urnas-y-desencanto1998.pdf | ||
| 942 | |2 z |c LI |h 04.04.02 I59 e |i 22581 |i 22582 |6 040402_I59_E_22581__22582 | ||
| 999 | |c 44264 |d 44264 | ||
